[Event "Ilha Comprida Cabeca Memorial U2200"]
[Site "Ilha Comprida"]
[Date "2016.08.21"]
[Round "4.14"]
[White "Xavier, Gabriel Vaz da Cost"]
[Black "Do Prado, Andrielle Souza Bri"]
[Result "0-1"]
[WhiteElo "1348"]
[BlackElo "1733"]
[PlyCount "78"]
[EventDate "2016.08.20"]
[EventType "swiss"]
[EventRounds "6"]
[EventCountry "BRA"]
[SourceTitle "EXT 2022"]
[Source "ChessBase"]
[SourceDate "2021.10.06"]
[SourceVersion "1"]
[SourceVersionDate "2021.10.06"]
[SourceQuality "1"]

1. Nc3 Nf6 2. d4 e6 3. Nf3 d5 4. Bf4 Bb4 5. a3 Ba5 6. b4 Bb6 7. e3 c6 8. Bd3 Nbd7 9. 0-0 Bc7 10. Bg5 h6 11. Bh4 e5 12. dxe5 Nxe5 13. h3 Nxd3 14. Qxd3 g5 15. Bg3 Bxg3 16. fxg3 0-0 17. Qd4 Ne8 18. e4 Be6 19. Rad1 Nc7 20. Rd2 dxe4 21. Qxe4 Nd5 22. Na4 Qc7 23. Nd4 Rae8 24. Nxe6 Rxe6 25. Qd3 Re3 26. Qf5 Rxg3 27. Rf3 Rxf3 28. Qxf3 Re8 29. Re2 Rxe2 30. Qxe2 Qe7 31. Qf2 Qe3 32. Nc5 b5 33. Nd3 Qxf2+ 34. Kxf2 f6 35. Kf3 Kf7 36. g3 h5 37. g4 hxg4+ 38. hxg4 Ke6 39. Ke4 Nc3+ 0-1

[Event "Sao Paulo Freitas op 2nd"]
[Site "Sao Paulo"]
[Date "2016.04.17"]
[Round "6"]
[White "Contato, Cristiano Carlos"]
[Black "Do Prado, Andrielle Souza Bri"]
[Result "0-1"]
[WhiteElo "1865"]
[BlackElo "1703"]
[PlyCount "114"]
[EventDate "2016.04.15"]
[EventType "swiss"]
[EventRounds "6"]
[EventCountry "BRA"]
[SourceTitle "EXT 2017"]
[Source "ChessBase"]
[SourceDate "2016.10.25"]
[SourceVersion "1"]
[SourceVersionDate "2016.10.25"]
[SourceQuality "1"]

1. e4 c5 2. Nf3 Nc6 3. d4 cxd4 4. Nxd4 d6 5. c4 Nf6 6. Nc3 Bd7 7. Be2 g6 8. Be3 Bg7 9. 0-0 0-0 10. f4 a6 11. h3 h5 12. f5 Nxd4 13. Bxd4 Bc6 14. fxg6 fxg6 15. e5 dxe5 16. Bxe5 Qxd1 17. Raxd1 Nd7 18. Bxg7 Kxg7 19. Nd5 Rxf1+ 20. Kxf1 Bxd5 21. Rxd5 Nf6 22. Re5 Re8 23. Bd3 Nd7 24. Rg5 Rf8+ 25. Ke2 Rf6 26. Be4 b6 27. Bf3 Nc5 28. Re5 Re6 29. Rxe6 Nxe6 30. Ke3 Kf6 31. b4 Ke5 32. a4 a5 33. bxa5 bxa5 34. Bd5 Nc5 35. Bc6 h4 36. Be8 g5 37. Bc6 Kd6 38. Be8 e5 39. Bb5 Ke6 40. Bc6 Kf5 41. Be8 g4 42. hxg4+ Kxg4 43. Bc6 Kg3 44. Ke2 Kf4 45. Kf2 e4 46. Ke2 Nb3 47. Be8 Nd4+ 48. Ke1 Ne6 49. Bh5 Ke3 50. Bd1 Nc5 51. Bh5 Nxa4 52. Bd1 Nc5 53. Bc2 a4 54. Bb1 a3 55. Ba2 Nd3+ 56. Kf1 Kd2 57. Bb1 e3 0-1

[Event "Sao Paulo Freitas op 2nd"]
[Site "Sao Paulo"]
[Date "2016.04.15"]
[Round "1"]
[White "Do Prado, Andrielle Souza Bri"]
[Black "Okamura, Milton Kasuo"]
[Result "1/2-1/2"]
[WhiteElo "1703"]
[BlackElo "2033"]
[PlyCount "121"]
[EventDate "2016.04.15"]
[EventType "swiss"]
[EventRounds "6"]
[EventCountry "BRA"]
[SourceTitle "CBM 171 Extra"]
[Source "ChessBase"]
[SourceDate "2016.04.26"]
[SourceVersion "1"]
[SourceVersionDate "2016.04.26"]
[SourceQuality "1"]

1. d4 d5 2. c4 e6 3. Nf3 c6 4. Nc3 Nf6 5. Bg5 h6 6. Bf4 dxc4 7. a4 Bb4 8. Bd2 0-0 9. e3 Bxc3 10. bxc3 b5 11. Qb1 Qd5 12. Be2 Nbd7 13. 0-0 Re8 14. Rd1 a6 15. Be1 Rb8 16. axb5 cxb5 17. Nd2 Qg5 18. f4 Qf5 19. Bf3 Qxb1 20. Rdxb1 Nd5 21. Nf1 N7b6 22. g3 Bb7 23. Kf2 Na4 24. Ra3 Bc6 25. e4 Nf6 26. Ke3 a5 27. h3 Rb7 28. g4 Reb8 29. g5 hxg5 30. fxg5 Nh7 31. h4 b4 32. cxb4 axb4 33. Raa1 c3 34. Bg3 b3 35. Bxb8 Rxb8 36. Bd1 Nb2 37. Rxb2 cxb2 38. Rb1 f5 39. Rxb2 Bxe4 40. Rxb3 Ra8 41. Bf3 Bxf3 42. Kxf3 Nf8 43. h5 Nh7 44. Kf4 Rd8 45. Rd3 Kf8 46. Ng3 Ke7 47. Nf1 Nf8 48. Ne3 Nd7 49. Nc4 Nc5 50. Rd1 Nb3 51. Ke5 Rd5+ 52. Kf4 Rxd4+ 53. Rxd4 Nxd4 54. h6 gxh6 55. gxh6 Kf6 56. Nd6 e5+ 57. Ke3 Ne6 58. h7 f4+ 59. Kd3 Kg7 60. h8Q+ Kxh8 61. Nf7+ 1/2-1/2

[Event "Sao Paulo Freitas op 2nd"]
[Site "Sao Paulo"]
[Date "2016.04.15"]
[Round "2"]
[White "Rodrigues, Nei Jorge"]
[Black "Do Prado, Andrielle Souza Bri"]
[Result "1-0"]
[WhiteElo "2063"]
[BlackElo "1703"]
[PlyCount "63"]
[EventDate "2016.04.15"]
[EventType "swiss"]
[EventRounds "6"]
[EventCountry "BRA"]
[SourceTitle "CBM 171 Extra"]
[Source "ChessBase"]
[SourceDate "2016.04.26"]
[SourceVersion "1"]
[SourceVersionDate "2016.04.26"]
[SourceQuality "1"]

1. d4 e6 2. Nf3 Nf6 3. c4 b6 4. g3 Bb7 5. Bg2 Be7 6. 0-0 0-0 7. Nc3 d5 8. cxd5 Nxd5 9. a4 Nxc3 10. bxc3 c5 11. a5 cxd4 12. axb6 Qxb6 13. cxd4 Rd8 14. Be3 Qd6 15. Rb1 Bd5 16. Bf4 Qd7 17. Ne5 Qe8 18. e4 Ba2 19. Rb2 f6 20. Rxa2 fxe5 21. Bxe5 Nc6 22. Bf4 Rxd4 23. Qb3 Bd8 24. e5 Bb6 25. Rc2 Rc8 26. Rfc1 Qd7 27. Rxc6 Rxc6 28. Bxc6 Qf7 29. Bf3 h6 30. Rc8+ Kh7 31. Qc2+ Qg6 32. Rh8+ 1-0

[Event "Indaiatuba IRT Regional 7th"]
[Site "Indaiatuba"]
[Date "2015.05.02"]
[Round "3.4"]
[White "De Assis, Claudio Henrique J"]
[Black "Do Prado, Andrielle Souza Bri"]
[Result "0-1"]
[WhiteElo "1795"]
[BlackElo "1709"]
[PlyCount "67"]
[EventDate "2015.05.02"]
[EventType "swiss"]
[EventRounds "5"]
[EventCountry "BRA"]
[SourceTitle "EXT 2022"]
[Source "ChessBase"]
[SourceDate "2021.10.06"]
[SourceVersion "1"]
[SourceVersionDate "2021.10.06"]
[SourceQuality "1"]

1. d4 Nf6 2. c4 e6 3. Nf3 b6 4. Nc3 Bb7 5. e3 Bb4 6. Be2 Nc6 7. Qc2 Na5 8. a3 Bxc3+ 9. Qxc3 Ne4 10. Qc2 f5 11. b4 Nc6 12. 0-0 0-0 13. Nd2 Ne7 14. f3 Ng5 15. Bb2 Ng6 16. f4 Ne4 17. Bf3 Nxd2 18. Qxd2 Qc8 19. Bxb7 Qxb7 20. d5 c6 21. Rad1 Ne7 22. dxe6 dxe6 23. Qd7 Qxd7 24. Rxd7 Rfe8 25. Rfd1 a5 26. bxa5 Rxa5 27. Rb7 Rc5 28. Rdd7 Kf8 29. Rxb6 Rxc4 30. Rbb7 c5 31. Be5 Rc1+ 32. Kf2 Rc2+ 33. Kf3 Ng6 34. Bd6+ 0-1

[Event "Campinas IRT Mindcheck 1st"]
[Site "Campinas"]
[Date "2014.08.23"]
[Round "7.1"]
[White "Do Prado, Andrielle Souza Bri"]
[Black "Mangini, Bruno Fernandes"]
[Result "0-1"]
[WhiteElo "1707"]
[BlackElo "1715"]
[PlyCount "108"]
[EventDate "2014.08.16"]
[EventType "tourn"]
[EventRounds "10"]
[EventCountry "BRA"]
[SourceTitle "EXT 2022"]
[Source "ChessBase"]
[SourceDate "2021.10.06"]
[SourceVersion "1"]
[SourceVersionDate "2021.10.06"]
[SourceQuality "1"]

1. d4 Nf6 2. c4 c5 3. d5 b5 4. cxb5 a6 5. bxa6 Bxa6 6. Nc3 g6 7. g3 d6 8. Bg2 Bg7 9. Nf3 0-0 10. 0-0 Nbd7 11. Re1 Ng4 12. Qc2 Qc7 13. e4 Rfb8 14. h3 Nde5 15. Nxe5 Nxe5 16. Rd1 c4 17. Rb1 Nd3 18. Bf1 Qa5 19. Bd2 Bd4 20. Ne2 Bxf2+ 21. Kg2 Qb6 22. Nf4 Bxg3 23. Ba5 Nxf4+ 24. Kxg3 Qe3+ 25. Kh2 Nd3 26. Be1 Qxe4 27. Bg2 Qe5+ 28. Bg3 Rxb2 29. Qa4 Qe2 30. Rxb2 Qxb2 31. Qc6 Bb7 32. Qxc4 Rxa2 33. Rg1 Nc5 34. Kh1 Ba6 35. Qh4 Qe2 36. Qb4 Rb2 37. Qa5 Ne4 38. Qd8+ Kg7 39. Be1 Rb1 40. Qa5 Bd3 41. Bc3+ Nxc3 42. Qxc3+ f6 43. Rxb1 Bxb1 44. Qa5 Be4 45. Bxe4 Qxe4+ 46. Kh2 f5 47. Qc3+ Qe5+ 48. Qxe5+ dxe5 49. Kg3 g5 50. Kf3 h5 51. Ke3 Kf6 52. Kf3 e4+ 53. Ke3 Ke5 54. Kf2 Kxd5 0-1

[Event "Campinas IRT Mindcheck 1st"]
[Site "Campinas"]
[Date "2014.08.17"]
[Round "6.4"]
[White "Brito, Erick de Paula"]
[Black "Do Prado, Andrielle Souza Bri"]
[Result "1/2-1/2"]
[WhiteElo "1879"]
[BlackElo "1707"]
[PlyCount "126"]
[EventDate "2014.08.16"]
[EventType "tourn"]
[EventRounds "10"]
[EventCountry "BRA"]
[SourceTitle "EXT 2022"]
[Source "ChessBase"]
[SourceDate "2021.10.06"]
[SourceVersion "1"]
[SourceVersionDate "2021.10.06"]
[SourceQuality "1"]

1. e4 c5 2. Nf3 d6 3. d4 cxd4 4. c3 Nf6 5. Qxd4 Nc6 6. Qe3 g6 7. Bc4 Bg7 8. 0-0 0-0 9. Nbd2 d5 10. exd5 Nxd5 11. Qc5 Nb6 12. Bb3 h6 13. h4 Nd7 14. Qe3 Nf6 15. Nc4 Qc7 16. Re1 Ng4 17. Qe2 Bf5 18. g3 Rfe8 19. h5 g5 20. Ne3 Nxe3 21. Bxe3 Rad8 22. Rad1 Bg4 23. Bxf7+ Kxf7 24. Qc4+ Be6 25. Qxe6+ Kxe6 26. Bb6+ Kf7 27. Bxc7 Rxd1 28. Rxd1 Rc8 29. Bb6 axb6 30. Rd7 Rb8 31. Rd5 Ra8 32. a3 Ra5 33. Rd7 Ra7 34. Rd5 Ra5 35. Rd7 Rb5 36. b4 Bxc3 37. Rxb7 Bb2 38. Nd2 Bxa3 39. Rc7 Ne5 40. f4 gxf4 41. gxf4 Nd3 42. Rc3 Bxb4 43. Rxd3 Bxd2 44. Rxd2 Rxh5 45. Kg2 Rf5 46. Kf3 e5 47. Ke4 Rxf4+ 48. Kxe5 Rb4 49. Rh2 Kg6 50. Rg2+ Kf7 51. Rf2+ Kg6 52. Rg2+ Kh7 53. Kf6 Rf4+ 54. Ke5 Rf7 55. Rb2 Rb7 56. Kd5 b5 57. Kc6 Rb8 58. Kc7 Rg8 59. Rxb5 Rg7+ 60. Kd6 Rg6+ 61. Ke7 Rg7+ 62. Kf6 Rg6+ 63. Kf7 Rg7+ 1/2-1/2

[Event "Campinas Itu 5th"]
[Site "Campinas"]
[Date "2011.08.28"]
[Round "?"]
[White "Milanelo, Carlos Alberto"]
[Black "Do Prado, Andrielle Souza Bri"]
[Result "1/2-1/2"]
[WhiteElo "1673"]
[BlackElo "1702"]
[PlyCount "31"]
[EventDate "2011.08.06"]
[EventType "tourn"]
[EventRounds "14"]
[EventCountry "BRA"]
[SourceTitle "EXT 2022"]
[Source "ChessBase"]
[SourceDate "2021.10.06"]
[SourceVersion "1"]
[SourceVersionDate "2021.10.06"]
[SourceQuality "1"]

1. d4 d5 2. c4 c6 3. Qc2 Nf6 4. Nf3 Nbd7 5. Bg5 e6 6. e3 Be7 7. Nbd2 0-0 8. Bd3 dxc4 9. Nxc4 c5 10. dxc5 Nxc5 11. Rd1 Nxd3+ 12. Qxd3 Qc7 13. 0-0 a6 14. Rc1 Qb8 15. Bf4 Qa7 16. Nce5 1/2-1/2

[Event "Campinas Itu 5th"]
[Site "Campinas"]
[Date "2011.08.27"]
[Round "?"]
[White "Do Prado, Andrielle Souza Bri"]
[Black "Do Prado, Andrielle Souza Bri"]
[Result "1/2-1/2"]
[WhiteElo "1601"]
[BlackElo "1702"]
[PlyCount "31"]
[EventDate "2011.08.06"]
[EventType "tourn"]
[EventRounds "14"]
[EventCountry "BRA"]
[SourceTitle "EXT 2022"]
[Source "ChessBase"]
[SourceDate "2021.10.06"]
[SourceVersion "1"]
[SourceVersionDate "2021.10.06"]
[SourceQuality "1"]

1. d4 d5 2. c4 e6 3. Nc3 Nf6 4. Bg5 Be7 5. e3 0-0 6. Nf3 Nbd7 7. Rc1 c6 8. Bd3 dxc4 9. Bxc4 Nd5 10. Bxe7 Qxe7 11. 0-0 Nxc3 12. Rxc3 e5 13. dxe5 Nxe5 14. Nxe5 Qxe5 15. f4 Qe7 16. Qc2 1/2-1/2

[Event "Campinas Itu 5th"]
[Site "Campinas"]
[Date "2011.08.25"]
[Round "?"]
[White "Do Prado, Andrielle Souza Bri"]
[Black "Freitas, Romeu Salvador"]
[Result "0-1"]
[WhiteElo "1601"]
[BlackElo "2200"]
[PlyCount "72"]
[EventDate "2011.08.06"]
[EventType "tourn"]
[EventRounds "14"]
[EventCountry "BRA"]
[SourceTitle "EXT 2022"]
[Source "ChessBase"]
[SourceDate "2021.10.06"]
[SourceVersion "1"]
[SourceVersionDate "2021.10.06"]
[SourceQuality "1"]

1. d4 Nf6 2. c4 e6 3. Nc3 c5 4. Nf3 cxd4 5. Nxd4 Nc6 6. Nxc6 bxc6 7. e4 Bb4 8. Bd3 0-0 9. 0-0 e5 10. a3 Bc5 11. b4 Bd4 12. Bb2 d6 13. Qc2 Re8 14. Nd1 Bxb2 15. Nxb2 Nh5 16. Rad1 Nf4 17. g3 Ne6 18. f4 Nd4 19. Qf2 Bh3 20. Rfe1 Bg4 21. Rc1 Nf3+ 22. Kh1 Nxe1 23. Qxe1 exf4 24. gxf4 Bf3+ 25. Kg1 Bxe4 26. Bxe4 f5 27. Bd5+ cxd5 28. Qd2 Qe7 29. Qxd5+ Kh8 30. Nd3 Qe3+ 31. Kh1 Qe4+ 32. Qxe4 Rxe4 33. c5 Re3 34. Rc3 dxc5 35. bxc5 Rd8 36. c6 Rexd3 0-1

[Event "Campinas Itu 5th"]
[Site "Campinas"]
[Date "2011.08.23"]
[Round "?"]
[White "Do Prado, Andrielle Souza Bri"]
[Black "Grillo, Cloves Moises"]
[Result "1-0"]
[WhiteElo "1702"]
[BlackElo "1710"]
[PlyCount "37"]
[EventDate "2011.08.06"]
[EventType "tourn"]
[EventRounds "14"]
[EventCountry "BRA"]
[SourceTitle "EXT 2022"]
[Source "ChessBase"]
[SourceDate "2021.10.06"]
[SourceVersion "1"]
[SourceVersionDate "2021.10.06"]
[SourceQuality "1"]

1. d4 f5 2. Nf3 Nf6 3. g3 g6 4. Bg2 Bg7 5. 0-0 0-0 6. c4 d6 7. Nc3 Qe8 8. Qc2 c5 9. d5 e6 10. dxe6 Bxe6 11. b3 Ne4 12. Bb2 Bxc3 13. Bxc3 Nxc3 14. Qxc3 Nc6 15. Rad1 Rd8 16. Ng5 Nd4 17. e3 Nc6 18. Nxe6 Qxe6 19. Bd5 1-0

[Event "Campinas Itu 5th"]
[Site "Campinas"]
[Date "2011.08.22"]
[Round "?"]
[White "Milanelo, Carlos Alberto"]
[Black "Do Prado, Andrielle Souza Bri"]
[Result "1/2-1/2"]
[WhiteElo "1673"]
[BlackElo "1601"]
[PlyCount "40"]
[EventDate "2011.08.06"]
[EventType "tourn"]
[EventRounds "14"]
[EventCountry "BRA"]
[SourceTitle "EXT 2022"]
[Source "ChessBase"]
[SourceDate "2021.10.06"]
[SourceVersion "1"]
[SourceVersionDate "2021.10.06"]
[SourceQuality "1"]

1. e4 e5 2. Nf3 Nc6 3. Bc4 Bc5 4. 0-0 Nge7 5. d3 0-0 6. Nc3 d6 7. Bg5 h6 8. Bxe7 Qxe7 9. Nd5 Qd8 10. c3 Na5 11. Bb3 Nxb3 12. axb3 a6 13. b4 Ba7 14. Qc2 c6 15. Ne3 f5 16. exf5 Bxf5 17. Nxf5 Rxf5 18. Rae1 Qf6 19. Nd2 d5 20. Nb3 Rf8 1/2-1/2

[Event "Campinas Itu 5th"]
[Site "Campinas"]
[Date "2011.08.19"]
[Round "5"]
[White "Do Prado, Andrielle Souza Bri"]
[Black "Faria, Marcio Roberto"]
[Result "1-0"]
[WhiteElo "1702"]
[BlackElo "1713"]
[PlyCount "75"]
[EventDate "2011.08.06"]
[EventType "tourn"]
[EventRounds "14"]
[EventCountry "BRA"]
[SourceTitle "EXT 2022"]
[Source "ChessBase"]
[SourceDate "2021.10.06"]
[SourceVersion "1"]
[SourceVersionDate "2021.10.06"]
[SourceQuality "1"]

1. d4 Nf6 2. Nf3 e6 3. g3 Be7 4. Bg2 0-0 5. 0-0 b6 6. c4 Bb7 7. Nc3 Bd6 8. Bg5 h6 9. Bxf6 Qxf6 10. Qd2 Nc6 11. Ne5 Nd8 12. Bxb7 Nxb7 13. Nxd7 Qe7 14. Nxf8 Qxf8 15. e4 e5 16. dxe5 Bxe5 17. f4 Qc5+ 18. Kg2 Bxc3 19. Qxc3 Rd8 20. Rad1 Nd6 21. e5 Qc6+ 22. Qf3 Qxc4 23. exd6 cxd6 24. f5 Qxa2 25. f6 g6 26. Qe3 Kh7 27. Qe7 Qxb2+ 28. Kg1 Rg8 29. Qxf7+ Kh8 30. Rxd6 Qe5 31. Rd7 Qe3+ 32. Kg2 Qe4+ 33. Kh3 g5 34. Qxg8+ Kxg8 35. f7+ Kf8 36. Rd8+ Ke7 37. f8Q+ Ke6 38. Qf6# 1-0

[Event "Campinas Itu 5th"]
[Site "Campinas"]
[Date "2011.08.19"]
[Round "5"]
[White "Do Prado, Andrielle Souza Bri"]
[Black "Oliveira, Silvio Eduardo"]
[Result "0-1"]
[WhiteElo "1601"]
[BlackElo "2333"]
[PlyCount "64"]
[EventDate "2011.08.06"]
[EventType "tourn"]
[EventRounds "14"]
[EventCountry "BRA"]
[SourceTitle "EXT 2022"]
[Source "ChessBase"]
[SourceDate "2021.10.06"]
[SourceVersion "1"]
[SourceVersionDate "2021.10.06"]
[SourceQuality "1"]

1. d4 Nf6 2. c4 c5 3. Nf3 cxd4 4. Nxd4 e5 5. Nb3 Nc6 6. Nc3 Bb4 7. Bd2 d5 8. Nxd5 Nxd5 9. cxd5 Qxd5 10. Bxb4 Qxd1+ 11. Rxd1 Nxb4 12. Rd2 Be6 13. Nc5 Bxa2 14. Nxb7 Rb8 15. Nd6+ Ke7 16. Nf5+ Kf6 17. Ne3 Rbd8 18. Rxd8 Rxd8 19. g3 Nc6 20. Bg2 Nd4 21. f3 Rb8 22. Nd1 Bb3 23. Nc3 Bc4 24. Ne4+ Ke7 25. e3 Rxb2 26. exd4 Rxg2 27. dxe5 a5 28. Nd6 Bd3 29. Nc8+ Ke6 30. Nb6 Rb2 31. Na4 Rb1+ 32. Kd2 Rxh1 0-1

[Event "Campinas Itu 5th"]
[Site "Campinas"]
[Date "2011.08.17"]
[Round "3"]
[White "Do Prado, Andrielle Souza Bri"]
[Black "Freitas, Romeu Salvador"]
[Result "0-1"]
[WhiteElo "1702"]
[BlackElo "2200"]
[PlyCount "50"]
[EventDate "2011.08.06"]
[EventType "tourn"]
[EventRounds "14"]
[EventCountry "BRA"]
[SourceTitle "EXT 2022"]
[Source "ChessBase"]
[SourceDate "2021.10.06"]
[SourceVersion "1"]
[SourceVersionDate "2021.10.06"]
[SourceQuality "1"]

1. d4 Nf6 2. c4 c5 3. d5 b5 4. cxb5 a6 5. bxa6 Bxa6 6. Nc3 d6 7. Nf3 g6 8. Bg5 Bg7 9. e3 Bxf1 10. Kxf1 0-0 11. g3 Nbd7 12. Qc2 Qa5 13. Kg2 Rfb8 14. Rhc1 h6 15. Bxf6 Bxf6 16. h4 Nb6 17. e4 Na4 18. Qxa4 Qxa4 19. Nxa4 Rxa4 20. e5 dxe5 21. b3 Raa8 22. Rxc5 e4 23. Rcc1 exf3+ 24. Kxf3 Bxa1 25. Rxa1 Rxb3+ 0-1

[Event "Campinas Itu 5th"]
[Site "Campinas"]
[Date "2011.08.16"]
[Round "2"]
[White "Grillo, Cloves Moises"]
[Black "Do Prado, Andrielle Souza Bri"]
[Result "0-1"]
[WhiteElo "1710"]
[BlackElo "1702"]
[PlyCount "68"]
[EventDate "2011.08.06"]
[EventType "tourn"]
[EventRounds "14"]
[EventCountry "BRA"]
[SourceTitle "EXT 2022"]
[Source "ChessBase"]
[SourceDate "2021.10.06"]
[SourceVersion "1"]
[SourceVersionDate "2021.10.06"]
[SourceQuality "1"]

1. d4 Nf6 2. c4 e6 3. Nc3 b6 4. e4 Bb7 5. Bd3 Bb4 6. Nge2 Nxe4 7. 0-0 Nxc3 8. Nxc3 Bxc3 9. bxc3 0-0 10. Ba3 d6 11. f4 Nd7 12. f5 Qg5 13. Qe2 Rae8 14. Qf2 exf5 15. Bxf5 Nf6 16. Rae1 Ne4 17. Bxe4 Rxe4 18. Rxe4 Bxe4 19. Re1 Re8 20. Bc1 Qg6 21. g3 f5 22. Bf4 Qh5 23. h4 h6 24. Qe2 Qf7 25. d5 Qd7 26. Kh2 c6 27. dxc6 Qxc6 28. g4 Qc5 29. gxf5 Qxf5 30. Bxd6 Bc6 31. Qd2 Rxe1 32. Qxe1 Qc2+ 33. Kg3 Qg2+ 34. Kf4 Qf3+ 0-1

[Event "Campinas Itu 5th"]
[Site "Campinas"]
[Date "2011.08.16"]
[Round "2"]
[White "Mugenato, Thiago Ricardo"]
[Black "Do Prado, Andrielle Souza Bri"]
[Result "1-0"]
[WhiteElo "1924"]
[BlackElo "1601"]
[PlyCount "65"]
[EventDate "2011.08.06"]
[EventType "tourn"]
[EventRounds "14"]
[EventCountry "BRA"]
[SourceTitle "EXT 2022"]
[Source "ChessBase"]
[SourceDate "2021.10.06"]
[SourceVersion "1"]
[SourceVersionDate "2021.10.06"]
[SourceQuality "1"]

1. d4 d5 2. c4 e6 3. Nc3 Nf6 4. Bg5 Nbd7 5. e3 Bd6 6. Nf3 c6 7. Bd3 0-0 8. 0-0 b6 9. Qc2 Bb7 10. Bxh7+ Kh8 11. Bd3 dxc4 12. Bxc4 c5 13. Rad1 Qe7 14. d5 Rfd8 15. e4 a6 16. dxe6 fxe6 17. Nh4 Kg8 18. Nf5 Bxh2+ 19. Kxh2 Ng4+ 20. Kg1 Qxg5 21. Bxe6+ Kh7 22. Rxd7 Rxd7 23. Bxd7 Qh5 24. Rd1 Qh2+ 25. Kf1 Qh1+ 26. Ke2 Qxg2 27. Rf1 Rf8 28. Qb1 g6 29. Rh1+ Nh2 30. Qg1 Qxg1 31. Rxg1 gxf5 32. Bxf5+ Kh8 33. Rh1 1-0

[Event "BRA-ch U20 Girls"]
[Site "Campinas"]
[Date "2011.04.24"]
[Round "7"]
[White "Rodrigues, Monica Nogueira"]
[Black "Do Prado, Andrielle Souza Bri"]
[Result "1/2-1/2"]
[WhiteElo "1804"]
[BlackElo "1661"]
[PlyCount "101"]
[EventDate "2011.04.21"]
[EventType "swiss"]
[EventRounds "8"]
[EventCountry "BRA"]
[SourceTitle "CBM 142 Extra"]
[Source "ChessBase"]
[SourceDate "2011.06.27"]
[SourceVersion "1"]
[SourceVersionDate "2011.06.27"]
[SourceQuality "1"]

1. d4 d5 2. c4 e6 3. Nc3 Nf6 4. cxd5 exd5 5. Bg5 Be7 6. Nf3 0-0 7. e3 c6 8. Bd3 Nbd7 9. 0-0 Re8 10. Qc2 Nf8 11. a3 Ne4 12. Bxe7 Qxe7 13. Rac1 Nxc3 14. Qxc3 Qf6 15. Ne5 h5 16. f4 Bf5 17. Rf3 h4 18. g4 hxg3 19. Rxg3 Qe6 20. Bxf5 Qxf5 21. Qc2 Qxc2 22. Rxc2 f6 23. Ng4 Kf7 24. Rcg2 Ne6 25. Nf2 Rg8 26. Nd1 Rac8 27. b4 b6 28. Rc2 c5 29. f5 Ng5 30. bxc5 Ne4 31. Rgg2 bxc5 32. dxc5 Nxc5 33. Nc3 Rgd8 34. Nb5 a6 35. Nd4 Re8 36. Rge2 g6 37. fxg6+ Kxg6 38. Rg2+ Kf7 39. Nf5 Ne4 40. Rg7+ Ke6 41. Nd4+ Kd6 42. Rb2 Rb8 43. Rc2 Rbc8 44. Ra7 Rg8+ 45. Kf1 Rxc2 46. Rxa6+ Ke7 47. Nxc2 Nd2+ 48. Ke2 Rg2+ 49. Kd3 Rxh2 50. Nd4 Ne4 51. Nb3 1/2-1/2

[Event "BRA-ch U20 Girls"]
[Site "Campinas"]
[Date "2011.04.22"]
[Round "4"]
[White "Dall Orsoletta, Alaize"]
[Black "Do Prado, Andrielle Souza Bri"]
[Result "0-1"]
[WhiteElo "1742"]
[BlackElo "1661"]
[PlyCount "38"]
[EventDate "2011.04.21"]
[EventType "swiss"]
[EventRounds "8"]
[EventCountry "BRA"]
[SourceTitle "CBM 142 Extra"]
[Source "ChessBase"]
[SourceDate "2011.06.27"]
[SourceVersion "1"]
[SourceVersionDate "2011.06.27"]
[SourceQuality "1"]

1. e4 e5 2. Nf3 Nf6 3. d3 Nc6 4. c4 Bc5 5. g3 d6 6. Bg2 Bg4 7. Nbd2 0-0 8. a3 a5 9. b3 Nd7 10. 0-0 Qf6 11. Qc2 Nd4 12. Nxd4 Bxd4 13. Bb2 Be2 14. Bxd4 Bxf1 15. Bxe5 Nxe5 16. Rxf1 c5 17. f4 Ng4 18. Nf3 Ne3 19. e5 Qd8 0-1

[Event "Itu LCX 22nd"]
[Site "Itu"]
[Date "2011.04.13"]
[Round "11"]
[White "Do Prado, Andressa Souza Brit"]
[Black "Do Prado, Andrielle Souza Bri"]
[Result "0-1"]
[WhiteElo "1593"]
[BlackElo "1661"]
[PlyCount "94"]
[EventDate "2011.03.23"]
[EventType "tourn"]
[EventRounds "11"]
[EventCountry "BRA"]
[SourceTitle "EXT 2022"]
[Source "ChessBase"]
[SourceDate "2021.10.06"]
[SourceVersion "1"]
[SourceVersionDate "2021.10.06"]
[SourceQuality "1"]

1. d4 d5 2. c4 e6 3. Nf3 Nf6 4. Bg5 Be7 5. Nc3 Nbd7 6. e3 0-0 7. Bd3 c6 8. 0-0 Re8 9. Rc1 dxc4 10. Bxc4 Nd5 11. Bxe7 Qxe7 12. Re1 Nxc3 13. Rxc3 e5 14. d5 cxd5 15. Qxd5 Nb6 16. Qe4 Nxc4 17. Qxc4 b6 18. Rec1 Bb7 19. Ne1 h6 20. Qc7 Rad8 21. Qxe7 Rxe7 22. Rc7 Rdd7 23. Rxd7 Rxd7 24. h3 a5 25. a4 Kf8 26. Kh2 Ke7 27. Kg3 Ke6 28. Nf3 g5 29. h4 Kf5 30. hxg5 hxg5 31. Rc4 f6 32. b4 Bd5 33. e4+ Bxe4 34. bxa5 bxa5 35. Rc5 Rd5 36. Rxd5 Bxd5 37. Nd2 e4 38. f3 exf3 39. gxf3 Ke5 40. Kg4 Be6+ 41. Kg3 Kd4 42. Ne4 Bd7 43. Nxf6 Bxa4 44. Ne4 Bb3 45. Nxg5 a4 46. Ne4 a3 47. Nd2 Bd5 0-1

[Event "Itu LCX 22nd"]
[Site "Itu"]
[Date "2011.04.06"]
[Round "8"]
[White "Do Prado, Andrielle Souza Bri"]
[Black "Abe, Nelson"]
[Result "0-1"]
[WhiteElo "1661"]
[BlackElo "1838"]
[PlyCount "72"]
[EventDate "2011.03.23"]
[EventType "tourn"]
[EventRounds "11"]
[EventCountry "BRA"]
[SourceTitle "EXT 2022"]
[Source "ChessBase"]
[SourceDate "2021.10.06"]
[SourceVersion "1"]
[SourceVersionDate "2021.10.06"]
[SourceQuality "1"]

1. d4 Nf6 2. Nf3 e6 3. c4 d5 4. Bg5 Be7 5. Nc3 0-0 6. e3 Nbd7 7. cxd5 exd5 8. Bd3 Nb6 9. 0-0 Bg4 10. Re1 Ne4 11. Bxe7 Qxe7 12. Rc1 f5 13. Be2 Bxf3 14. Bxf3 Rf6 15. a4 Rh6 16. Qc2 Qh4 17. h3 c6 18. Nxe4 dxe4 19. Be2 Rg6 20. Kh2 Qg5 21. g3 Kh8 22. Rg1 Nd5 23. Qb3 b6 24. Bb5 Ne7 25. Ba6 Rh6 26. Qf7 Qg4 27. h4 Ng6 28. Rxc6 Rf8 29. Rc8 Rxh4+ 30. gxh4 Qxh4+ 31. Kg2 Qg4+ 32. Kh2 Qh5+ 33. Kg2 Nh4+ 34. Kh3 Qxf7 35. Rxf8+ Qxf8 36. Kxh4 Qf6+ 0-1

[Event "Itu LCX 22nd"]
[Site "Itu"]
[Date "2011.03.23"]
[Round "1"]
[White "Do Prado, Andrielle Souza Bri"]
[Black "Freitas, Romeu Salvador"]
[Result "0-1"]
[WhiteElo "1661"]
[BlackElo "2183"]
[PlyCount "58"]
[EventDate "2011.03.23"]
[EventType "tourn"]
[EventRounds "11"]
[EventCountry "BRA"]
[SourceTitle "EXT 2022"]
[Source "ChessBase"]
[SourceDate "2021.10.06"]
[SourceVersion "1"]
[SourceVersionDate "2021.10.06"]
[SourceQuality "1"]

1. d4 Nf6 2. c4 c5 3. Nf3 cxd4 4. Nxd4 d6 5. Nc3 g6 6. e4 Bg7 7. Be2 0-0 8. Be3 Nc6 9. 0-0 Bd7 10. Rb1 Rc8 11. f4 Nxd4 12. Bxd4 Bc6 13. Bf3 a6 14. a4 a5 15. b3 Nd7 16. Bxg7 Kxg7 17. Qc2 Qb6+ 18. Kh1 Qd4 19. Nd5 Bxd5 20. exd5 Nc5 21. Rbd1 Qxf4 22. Qc3+ Qe5 23. Qxa5 Nxb3 24. Qb4 Nc5 25. Rfe1 Qf6 26. Re3 Ra8 27. a5 Ra6 28. Rde1 Rfa8 29. Rxe7 Nd3 0-1